000 00599pam a2200217 a 4500
001 1462693
005 20180309084619.0
008 861114s1987 mdua b 001 0 eng
010 _a 86031044
020 _a0881751138
040 _aDLC
_cDLC
_dDLC
041 _aeng
080 _a006.3
082 0 0 _a006.3 TAN
_219
100 1 _a30
101 _aSHKI
245 1 4 _aThe elements of artificial intelligence :
_cSteven L. Tanimoto.
504 _aIncludes bibliographies and indexes.
906 _a7
_bcbc
_corignew
_d1
_eocip
_f19
_gy-gencatlg
942 _2ddc
_cBK
999 _c44621
_d44621